000 00519nam a22002177a 4500
003 UA-OsUOA
001 43427
007 ta
008 20090625b un ||||| |||| 00| 0 ukr d
090 _a061
_bП99
942 _cBK
040 _aUA-OsUOA
_bukr
_cUA-OsUOA
_dUA-OsUOA
245 _a15-ліття "Пласту" в Едмонтоні
300 _a62 с.
955 _a4
041 _aukr
080 _a061
260 _aЕдмонтон
_c1963
650 7 _a0 Загальний відділ.
_2UDC
999 _c441902
_d441902